000 00665nam a22002057a 4500
999 _c14409
_d14409
003 AR-CdUCM
008 190423b ||||| |||| 00| 0 spa d
040 _aMUNICIPALIDAD PROVINCIAL DEL CUSCO
_cBIBLIOTECA MUNICIPAL DEL CUSCO
041 _heng.
082 _aPI / 803.08 /
_bP51
110 _aDisney Enterprises, Inc.
_931708
245 _aDoctora juguetes :
_bFriolin pesca un refriado /
260 _aMexico :
_bSilver Dolphin,
_c2015.
300 _bIlustraciones,
_c19 cm.
650 _aLiteratura infantil
_9588
650 _aCuento
_94671
700 _aMiriam Bronstein Melchenker (traducción)
_933077
942 _2ddc
_cLIBROS
945 _arjall
_d2019-04-23